LEADER 03727nam 2200529 450 001 9910554211403321 005 20230629233243.0 010 $a3-86859-987-8 024 7 $a10.1515/9783868599879 035 $a(CKB)5590000000537032 035 $a(MiAaPQ)EBC6876062 035 $a(Au-PeEL)EBL6876062 035 $a(DE-B1597)589250 035 $a(OCoLC)1262307224 035 $a(DE-B1597)9783868599879 035 $a(EXLCZ)995590000000537032 100 $a20220921d2021 uy 0 101 0 $aeng 135 $aurcnu|||||||| 181 $ctxt$2rdacontent 182 $cc$2rdamedia 183 $acr$2rdacarrier 200 04$aThe salons of the republic $espaces for debate /$fedited by Holger Kleine 210 1$aBerlin, Germany :$cJovis Verlag GmbH,$d[2021] 210 4$d©2021 215 $a1 online resource (176 pages) 311 $a3-86859-709-3 320 $aIncludes bibliographical references and index. 327 $tFrontmatter -- $tCONTENT -- $tFOREWORDS -- $tPREFACE -- $tCOMIC -- $tA Day at the Salons of the Republic -- $tBERLIN -- $tThe Location -- $tThe Salons -- $tThe Main Hall -- $tThe Roof -- $tMaking-Of -- $tFRANKFURT AM MAIN -- $tMaking-Of -- $tThe Salons -- $tThe Formation of Space -- $tThe Exploration -- $tThe Room Configurations -- $tESSAYS -- $tThe Planned Center of Democracy at Paulskirche in Frankfurt -- $tRepresentation of Space and Spaces of Representation -- $tDemocracy and the Public Sphere amidst Digital Change -- $tPlaces of Democratic Innovations as Salons of the Republic? -- $tStrengthening Democracy through Interaction -- $tThe Room as a Moderator -- $tPOSTFACE -- $tREFERENCES -- $tBIBLIOGRAPHY -- $tAUTHORS -- $tARCHITECTS -- $tACKNOWLEDGMENTS -- $tIMPRINT 330 $aSchwindende Dialogfähigkeit prägt das politische Klima unserer Gegenwart in einem Maß, dass demokratische Praktiken zunehmend unter Druck geraten. Um dem Trend zum Ruckzug ins Selbstbestätigungsmilieu entgegenzuwirken, bedarf es neuer Räume, deren Atmosphären Debatten nicht nur dulden, sondern stimulieren und kultivieren. Studierende der Hochschule RheinMain haben deshalb Salons fur zentrale Orte in Berlin und Frankfurt/Main entworfen, die Lust auf Demokratie machen. Die Entwürfe werden im Sommer 2021 im Deutschen Architekturmuseum ausgestellt. Das Buch ergänzt die Präsentation der Entwürfe um fünf Essays namhafter Autor*innen und einen Comic, der einen Tag in den Salons der Republik lebendig werden lässt. 330 $aThe political climate of our time is being shaped by a dwindling ability to engage in public dialogue, putting democratic practices under increasing pressure. In order to counter the trend towards retreating into the realm of self-affirmation, we need new spaces in which public debate is not only tolerated but stimulated. With this in mind, students at RheinMain University of Applied Sciences designed centrally located salons in Berlin and Frankfurt/Main that could inspire interest in democratic engagement. In summer 2021, the German Architecture Museum will exhibit these designs. This book complements the exhibit with five essays by well-known authors, as well as a comic strip depicting a day in the life of the Salons of the Republic. 606 $aArchitecture, German 606 $aSalons 607 $aGermany$zBerlin$2fast 607 $aGermany$zFrankfurt am Main$2fast 608 $aExhibition catalogs.$2fast 615 0$aArchitecture, German. 615 0$aSalons. 676 $a307.760943 702 $aKleine$b Holger 801 0$bMiAaPQ 801 1$bMiAaPQ 801 2$bMiAaPQ 906 $aBOOK 912 $a9910554211403321 996 $aThe salons of the republic$92919232 997 $aUNINA LEADER 03751oam 2200901 c 450 001 9910838341203321 005 20220221094418.0 010 $a3-657-79245-7 024 3 $a9783657792450 035 $a(CKB)4100000011413495 035 $a(MiAaPQ)EBC6554190 035 $a(Au-PeEL)EBL6554190 035 $a(OCoLC)1247656812 035 $a(Brill | Scho?ningh)9783657792450 035 $a(EXLCZ)994100000011413495 100 $a20220221d2020 uy 0 101 0 $ager 135 $aurcnu|||||||| 181 $ctxt$2rdacontent 182 $cc$2rdamedia 183 $acr$2rdacarrier 200 10$aHa?ndler, Forscher, Invasoren$eRussland und Zentralasien 1000-1900$fRudolf A. Mark 205 $a1st ed. 210 $aPaderborn$cBrill | Scho?ningh$d2020 215 $a1 online resource (609 pages) 311 $a3-506-79245-8 330 $aBlick ins BuchIn den letzten Jahren ist Zentralasien als Ort weltpolitischer Ambitionen in den Blickpunkt der O?ffentlichkeit getreten: Die ehemaligen Sowjetrepubliken Kasachstan, Kirgisistan, Usbekistan, Tadschikistan und Turkmenistan sind fu?r China Teil der »Neuen Seidenstraße«. Die Na?he zu Iran, Afghanistan und Pakistan verleiht Zentralasien auch eine geostrategische Bedeutung. Einen besonderen Anspruch auf Einfluss in der Region aber erhebt Russland, das seit rund einem Jahrtausend dort pra?sent ist. Rudolf A. Mark, wohl einer der besten Kenner der Geschichte Zentralasiens, legt mit diesem Buch die erste umfassende Beziehungsgeschichte zwischen Russland und Zentralasien vor. Auf Grundlage jahrzehntelanger Archivstudien und unter Nutzung einer Fu?lle oftmals nur schwer zuga?nglicher Publikationen erschließt der Autor das Thema in seiner Vielfalt: die ersten russischen Kontakte zu den Khanaten und fru?he Handelsbeziehungen, die ethnologisch-geographischen Forschungsreisen, die Bu?ndnisse und Eroberungen im Zeichen russischer imperialistischer Bestrebungen. Zusammen mit den beiden anderen Ba?nden des Autors bei Scho?ningh (»Im Schatten des Great Game« und »Krieg an fernen Fronten«) liegt damit eine einzigartige, aus den Quellen gearbeitete Trilogie der Geschichte Russlands in Zentralasien vom Jahr 1000 bis 1920 vor. 606 $aMittelasien 606 $aImperialismus 606 $aZivilisierungsmission 606 $aExpansion 606 $aKolonialismus 606 $aTurkestan 606 $aOrientalismus 606 $aGreat Game 606 $aAfghanistan 606 $aNomadenreiche 606 $aBritisch-Indien 606 $aSeidenstraße 606 $aInner Asia 606 $aImperialism 606 $aColonialism 606 $aBritish-India 606 $aNomad Empires 606 $aOrientalism 606 $aImperial Science 606 $aSilk Road 607 $aRussia$xRelations$zAsia, Central 607 $aAsia, Central$xRelations$zRussia 607 $aAsia, Central$xHistory 615 4$aMittelasien 615 4$aImperialismus 615 4$aZivilisierungsmission 615 4$aExpansion 615 4$aKolonialismus 615 4$aTurkestan 615 4$aOrientalismus 615 4$aGreat Game 615 4$aAfghanistan 615 4$aNomadenreiche 615 4$aBritisch-Indien 615 4$aSeidenstraße 615 4$aInner Asia 615 4$aImperialism 615 4$aColonialism 615 4$aBritish-India 615 4$aNomad Empires 615 4$aOrientalism 615 4$aImperial Science 615 4$aSilk Road 700 $aMark$b Rudolf A$4aut$0482013 801 0$bMiAaPQ 801 1$bMiAaPQ 801 2$bMiAaPQ 906 $aBOOK 912 $a9910838341203321 996 $aHa?ndler, Forscher, Invasoren$94140207 997 $aUNINA